ロード中...

Francis marpapa romilekku vilikkunnu/

書誌詳細
第一著者: Francis K A
フォーマット: Printed Book
出版事項: Thrissur: Green Books, 2016.
主題:
LEADER 00742nam a22001817a 4500
020 |a 9788184234732 
082 |a M080 32  |b FRA/F 
100 |a Francis K A  |9 147566 
245 |a Francis marpapa romilekku vilikkunnu/  |c by Francis K A 
260 |a Thrissur:  |b Green Books,  |c 2016. 
300 |a 110p 
650 |a Travelogue Malayalam  |9 147567 
650 |a Literature Malayalam  |9 147568 
650 |a Literature  |9 147569 
942 |c BK 
999 |c 72751  |d 72751 
952 |0 0  |1 0  |4 0  |6 M_080_320000000000000_FRA_F  |7 0  |9 93678  |a SSUS  |b SSUS  |c STACKS  |d 2018-06-25  |g 105.00  |o M080 32 FRA/F  |p 090458  |r 2018-06-25  |w 2018-06-25  |y BK 
952 |0 0  |1 0  |4 0  |6 M_080_320000000000000_FRA_F  |7 0  |9 93679  |a SSUS  |b SSUS  |c STACKS  |d 2019-04-05  |g 105.00  |o M080 32 FRA/F  |p 094337  |r 2019-04-05  |w 2019-04-05  |y BK